Etude du cycle oestraf et de l'anoestrus post-partum chez la brebis djallonké infestée (strongylose et coccidiose) (Record no. 31121)

MARC details
000 -LEADER
fixed length control field 00753 a2200253 4500
100 ## - VEDETTE PRINCIPALE - NOM DE PERSONNE
Personal name Hounzangbé, Mawulé M. Sylvie
130 ## - VEDETTE PRINCIPALE - TITRE UNIFORME
Language of a work Fr
245 ## - TITLE STATEMENT
Title Etude du cycle oestraf et de l'anoestrus post-partum chez la brebis djallonké infestée (strongylose et coccidiose)
300 ## - PHYSICAL DESCRIPTION
Extent VII-126 p.
502 ## - DISSERTATION NOTE
Dissertation note Thèse de 3è cycle
653 1# - INDEX TERM--UNCONTROLLED
Uncontrolled term Sciences agronomiques
650 ## - SUBJECT ADDED ENTRY--TOPICAL TERM
Topical term or geographic name as entry element ELEVAGE
650 ## - SUBJECT ADDED ENTRY--TOPICAL TERM
Topical term or geographic name as entry element PRODUCTION ANIMALE
650 ## - SUBJECT ADDED ENTRY--TOPICAL TERM
Topical term or geographic name as entry element OVIN
650 ## - SUBJECT ADDED ENTRY--TOPICAL TERM
Topical term or geographic name as entry element BREBIS
650 ## - SUBJECT ADDED ENTRY--TOPICAL TERM
Topical term or geographic name as entry element CYCLE OESTRAL
650 ## - SUBJECT ADDED ENTRY--TOPICAL TERM
Topical term or geographic name as entry element OVULATION
650 ## - SUBJECT ADDED ENTRY--TOPICAL TERM
Topical term or geographic name as entry element FECONDATION
653 #1 - INDEX TERM--UNCONTROLLED
Uncontrolled term Production animale
651 ## - SUBJECT ADDED ENTRY--GEOGRAPHIC NAME
Geographic name BENIN
651 ## - SUBJECT ADDED ENTRY--GEOGRAPHIC NAME
Geographic name COTE D'IVOIRE
710 ## - ADDED ENTRY--CORPORATE NAME
Corporate name or jurisdiction name as entry element Abidjan, Université nationale de Côte d'Ivoire, Faculté des Sciences et Techniques, CI
Holdings
Withdrawn status Lost status Damaged status Not for loan Location (home branch) Sublocation or collection (holding branch) Date acquired Koha issues (times borrowed) Koha full call number Koha date last seen Copy number Price effective from Koha item type Public note
        Bibliothèque-Centre de Documentation de la Faculté des Sciences Agronomiques Bibliothèque-Centre de Documentation de la Faculté des Sciences Agronomiques     BU T.PA 002 1991 28/02/2009 04 28/02/2009 Livre A.4838


© 2008, Bibliothèques de l'Université d'Abomey-Calavi

04 BP 789 Cotonou, Tél. : +229 21 36 01 01, Fax : +229 21 35 06 32

Courriel : bu@bu.uac.bj